000 00620nam a2200205 a 4500
001 000012803
005 20240412074235.0
008 091117s2005 dr r 001 0 spa d
020 _a9945000217
040 _aDO-SdBNP
_bspa
_cBNPHU
082 _aRD863.44
_bM844p
100 1 _aMoreta, Eudys
_921612
245 1 2 _aA Puerto Rico en yola (cuentos) /
_cEudys Moreta.
260 _aSanto Domingo :
_bTalleres SEA,
_c2005.
300 _a114 p. ;
_c18 cm.
590 _aInventariado, 2020/BT
650 0 _aCuentos dominicanos
_9176
650 0 _aLiteratura dominicana.
_967
910 _aValidado. Control de calidad. MMOLINA
999 _c12453
_d12453